Lingvističeskoje Obespečenije sistemy ETAP - 2

Na minha lista:
Detalhes bibliográficos
Outros Autores: Dobrušin, R. L.
Formato: Livro
Idioma:russo
Publicado em: Moskva Nauka 1989
Edição:1. izd.
Tags: Adicionar Tag
Sem tags, seja o primeiro a adicionar uma tag!

MARC

LEADER 00000nam a2200000 4500
001 c030372
005 20221215135537.9
041 0 |a rus 
044 |a RU 
245 1 0 |a Lingvističeskoje Obespečenije sistemy ETAP - 2  |c Red. R. L. Dobrušin 
250 |a 1. izd. 
264 1 |a Moskva  |b Nauka  |c 1989 
300 |a 294 s. 
700 1 |a Dobrušin, R. L.